000 002570000a22000970004500
100 1 _aTidwell, N.L.
245 1 0 _aA further note on Mesha's HMSLT B'RNN
300 _aVol. 49, Num. 1 (Enero, 1999), Páginas 132-134
773 0 _tVetus Testamentum
942 _cANA
999 _c58265
_d58265